| 000 | 01154cam a22002771 4500 | ||
|---|---|---|---|
| 001 | 2169024 | ||
| 005 | 20050907091856.0 | ||
| 008 | 711013s1966 nyu | b 000 0 eng d | ||
| 010 | _a 66010471 | ||
| 040 |
_aDLC _cDLC _dDLC |
||
| 042 | _alcac | ||
| 043 |
_ae-ur--- _an-us--- |
||
| 050 | 0 | 0 |
_aE183.8.R9 _bK53 |
| 082 | 0 | 0 |
_a301.2947073 _bPAT _222 |
| 245 | 1 | 0 |
_aPatterns Of Competitive Coexistence;USA vs. USSR/ _cEdited by Young Hum Kim |
| 260 |
_aNew York: _bPutnam, _c1966 |
||
| 300 |
_axvi, 484 p.; _c21 cm. |
||
| 500 | _aDonated by: Alaa Abdel Ghany | ||
| 504 | _aIncludes bibliography: p. 481-484. | ||
| 520 | _aAmerican-Soviet relations covering a variety of topics discussed by scholars, politicians, and government specialists of both countries. | ||
| 650 | 1 |
_aWorld politics _y1955-1965. _910143 |
|
| 651 | 0 |
_aUnited States _xRelations _zSoviet Union. _910144 |
|
| 651 | 0 |
_aSoviet Union _xRelations _zUnited States. _910145 |
|
| 942 |
_2ddc _cBB |
||
| 999 |
_c13080 _d13080 |
||